Statistics for Filipino Daily Conversation

Click here to take the quiz!

General Stats

  • This quiz has been taken 23 times
  • The average score is 8 of 16

Answer Stats

Sentence / PangungusapAnswer / Sagot% Correct
No.Hindi.
79%
Yes.Oo.
79%
Goodbye!Paalam!
79%
Why?Bakit?
71%
How are you?Kamusta ka?
71%
How?Paano?
71%
Where?Saan?
71%
My name is...Ang pangalan ko ay...
50%
Good afternoon!Magandang hapon!
50%
Good evening!Magandang gabi!
43%
What's your name?Ano ang pangalan mo?
36%
What are you doing?Ano ang ginagawa mo?
21%
Hello!Helo!
14%
Good morning!Magandang araw!
14%
I work at..Nagtatrabaho ako sa...
14%
I'm fine.OK lang.
14%

Score Distribution

Percentile by Number Answered

Percent of People with Each Score

Your Score History

You have not taken this quiz